| 000 | 00460nam a22001697a 4500 | ||
|---|---|---|---|
| 005 | 20250404165032.0 | ||
| 008 | 250404b |||||||| |||| 00| 0 eng d | ||
| 020 | _a9780241257470 | ||
| 041 | _aeng | ||
| 082 | _a158.2 BER | ||
| 100 | _aBerne, Eric | ||
| 245 | _aGames People Play: The Psychology of Human Relationships | ||
| 260 |
_aUK _bPenguin _c2016 |
||
| 300 | _a173;. pages 20 cm | ||
| 650 | _aInterpersonal Relations;Social Interaction | ||
| 942 | _cBK | ||
| 999 |
_c43574 _d43574 |
||